Twelve Years of a Soldier's Life in India Being Extracts from the Letters of the Late Major W. S. R. Hodson, B. A.

Saved in:
Bibliographic Details
Main Author: Hodson, W. S. R.
Other Authors: Hodson, George H. (Editor)
Format: Electronic eBook
Language:English
Published: Project Gutenberg, 2012
Series:Project Gutenberg 39448
Online Access:http://www.gutenberg.org/etext/39448
Rights
Tags: Add Tag
No Tags, Be the first to tag this record!
Call Number :

MARC

LEADER 00000cam a22000003a 4500
001 74050
003 MY-KLNDU
005 20241219034155.0
008 120414s2012||||xxu|||||s|||||000 i eng d
035 |a (PGUSA)39448 
039 9 |a 202104081232  |b VLOAD  |y 202104030036  |z VLOAD 
040 |a PGUSA  |b eng 
042 |a dc 
100 1 |a Hodson, W. S. R. 
245 1 0 |a Twelve Years of a Soldier's Life in India Being Extracts from the Letters of the Late Major W. S. R. Hodson, B. A.  |h [electronic resource] /  |c by W. S. R. Hodson; edited by George H. Hodson 
260 |b Project Gutenberg,  |c 2012 
500 |a Project Gutenberg 
506 |a Freely available. 
516 |a Electronic text 
599 |a Dummy Record 
700 1 |a Hodson, George H.,  |e Editor 
830 0 |a Project Gutenberg  |v 39448 
856 4 0 |u http://www.gutenberg.org/etext/39448 
856 4 2 |u http://www.gutenberg.org/license  |3 Rights 
999 |a vtls000085899  |c 74050  |d 74050